000 00856nam a22003017a 4500
003 CHAP
005 20220329134759.0
008 971013s1965 r 00010 d
010 _a25810
011 _a26782
035 _a30883
040 _cCHAP
082 _a156
_bB8
100 0 0 _aBunge, Mario Augusto.
_916075
245 _aIntuición y ciencia
260 _aBuenos Aires :
_bEUDEBA,
_c1965
300 _a174 p.
490 _aColección ensayos
590 _aBATCH-UPD
_b10
_c20130110
_lUCH01
_h2300
590 _aBATCH-UPD
_b10
_c20130410
_lUCH01
_h1553
590 _aBATCH-UPD
_b10
_c20130914
_lUCH01
_h1652
590 _aCONVERSION
_b10
_c20130109
_lUCH01
_h1315
650 1 4 _aIntuición.
_960160
830 0 _aColección ensayos
_924847
901 _aBK
942 _cLIBRO
949 _a156 B8
_bBC
_cLIBRO
_d33724000286589
_eLIBRO
_h15829
_i30883
_si
999 _c25810
_d25810